| 000 | 02058cam a22005294i 4500 | ||
|---|---|---|---|
| 003 | PE-LiUPU | ||
| 005 | 20250731175625.0 | ||
| 008 | 151105s2016 inua rb 001 0 eng d | ||
| 010 | _a2015042928 | ||
| 020 |
_a1575064197 _qhardback |
||
| 020 | _a1575064200 | ||
| 020 |
_a9781575064192 _qhardback |
||
| 020 |
_a9781575064208 _qpaperback |
||
| 035 | _a(Sirsi) i9781575064192 | ||
| 035 | _a(OCoLC)978586775 | ||
| 040 |
_aEQO _beng _erda _cEQO _dOCLCO _dPE-LiUPU |
||
| 041 | 1 |
_aeng _hheb |
|
| 049 | _aPRUA | ||
| 050 | 0 | 0 | _aPJ4717 |
| 082 | 0 | 4 |
_a492.455 _bH71 _223 |
| 100 | 1 |
_aHolmstedt, Robert D., _eautor. |
|
| 245 | 1 | 4 |
_aThe relative clause in biblical Hebrew / _cRobert D. Holmstedt. |
| 264 | 1 |
_aWinona Lake, Indiana : _bEisenbrauns, _c2016. |
|
| 300 |
_axvi, 455 páginas : _bilustraciones ; _c24 centímetros. |
||
| 336 |
_atext _2rdacontent |
||
| 337 |
_aunmediated _2rdamedia |
||
| 338 |
_avolume _2rdacarrier |
||
| 490 | 1 |
_aLinguistic studies in ancient West Semitic ; _v10 |
|
| 504 | _aBibliografía : páginas 382-410. | ||
| 504 | _aÍndice : páginas 445-455. | ||
| 505 | 0 | _aRelative clauses: orientation -- Issues of method and theory -- Relative words -- Relative heads -- Relative syntax -- Relative semantics -- "Relative" diachrony -- The semitic relative -- Relative clause data. | |
| 526 | _aP145 | ||
| 526 | _aP127 | ||
| 526 | _aP97 | ||
| 526 | _aP35 | ||
| 526 | _aP14 | ||
| 526 | _aP07 | ||
| 650 | 0 |
_aIdioma hebreo _xCláusulas. |
|
| 650 | 0 |
_aHebrew language _xClauses. |
|
| 910 |
_adbm _bncf _cncf _d20171228 |
||
| 942 |
_2ddc _cBOOK |
||
| 949 |
_a492.455 H71 _wDEWEY _c1 _i77799 _lCATALOGING _mBUL _p45.15 _r0 _sY _tBOOK _u2017-12-28 _xPOSGRADO _PP85 _0COMPRA _o.STAFF. Colección Teología. |
||
| 994 |
_aC0 _bPEPRU |
||
| 596 | _a1 | ||
| 999 |
_a492.455 H71 _wDEWEY _c26535 _i77799 _d26535 _e2019-2-20 _f2021-11-11 _g3 _lCCODEBUL1 _mBUL _n2 _p45.15 _q1 _r0 _sY _tBOOK _u2017-12-28 _xTEOLOGIA _PP85 _0COMPRA _o.STAFF. Colección Teología. |
||
| 980 |
_81 _gALBERTO SANCHEZ Responsable de Automatización |
||